000 00270nam a22001217a 4500
003 SGT
082 _a617.471
_bT11F
100 _aFRANCIS, HOWARD W.
245 _aTEMPORAL BONE DISSECTION GUIDE
260 _aNEW YORK
_bTHIEME
_c2006
300 _a260
942 _2ddc
_cBK
999 _c14896
_d14896